Normal view
MARC view
- Mcfedries, Paul
Entry Personal Name
001 - CONTROL NUMBER
- control field: 69043
003 - CONTROL NUMBER IDENTIFIER
- control field: NUST
005 - DATE AND TIME OF LATEST TRANSACTION
- control field: 20210628204149.0
008 - FIXED-LENGTH DATA ELEMENTS
- fixed length control field: 210628|| aca||aabn | a|a d
040 ## - CATALOGING SOURCE
- Original cataloging agency: NUST
- Transcribing agency: NUST
100 ## - HEADING--PERSONAL NAME
- Personal name: Mcfedries, Paul
670 ## - SOURCE DATA FOUND
- Source citation: Work cat.: (NUST): Mcfedries, Paul, The first book of quicken 6, organize your finances in a few simple steps, 1992
